[Event "21st Sants Open 2019"]
[Site "Cotxeres de Sants"]
[Date "2019.08.30"]
[Round "8.12"]
[White "Cruz, Jonathan"]
[Black "Antal, Gergely"]
[Result "0-1"]
[WhiteElo "2409"]
[BlackElo "2549"]
[Annotator "TA"]
[PlyCount "136"]
[EventDate "2019.08.22"]
[EventType "swiss"]
[EventCountry "ESP"]
[SourceTitle "playchess.com"]
[Source "ChessBase"]
[SourceQuality "1"]

{[%evp 21,136,-35,12,-21,-17,-30,-18,-20,-15,-21,1,-29,-26,-41,-46,-44,-31,-25,-13,-24,2,0,0,4,28,15,15,15,12,12,12,12,11,9,26,28,31,31,30,33,44,44,56,44,44,43,43,14,60,0,0,0,0,0,0,0,0,0,0,0,0,0,0,0,0,0,30,0,0,-17,0,0,0,0,0,0,0,0,0,0,0,0,0,-146,-157,-266,-251,-266,-258,-341,-341,-341,-341,-341,-341,-341,-310,-284,-291,-283,-286,-291,-308,-262,-264,-321,-315,-308,-270,-2211,-2125,-4770,-2550,-2028,-1995,-1591,-1262]} 1. d4 Nf6 2. c4 g6 3. Nc3 d5 4. Nf3 Bg7 5. Bg5 Ne4 6. cxd5 Nxg5 7. Nxg5 e6 8. Qd2 h6 9. Nh3 exd5 10. Qe3+ Kf8 11. Nf4 c5 12. dxc5 {D91: Grünfeld: 4 Nf3 Bg7 5 Bg5} (12. Qf3 $5 {[%cal Rf4g6]}) 12... d4 {[%mdl 64] [#] Double Attack} 13. Qd2 $1 {[#]} Bd7 $146 ({Predecessor:} 13... Na6 14. e3 Nxc5 15. O-O-O Bf5 16. exd4 Ne4 17. Nxe4 Bxe4 18. Bd3 Qxd4 19. Rhe1 Bc6 {½-½ (29) Ajrapetjan,Y (2525)-Zhou,J (2632) Moscow 2010}) 14. Ne4 {The position is equal.} Bc6 15. Nd6 Nd7 16. Rc1 Nxc5 17. Nxf7 Kxf7 18. Rxc5 {[#] e3 is the strong threat.} Qd6 19. Nd3 Rac8 20. f3 Bd5 21. Rxc8 Rxc8 22. g3 Qe6 23. b3 Qe3 24. Bh3 Rc3 25. Qxe3 dxe3 26. O-O a5 27. Rc1 Rxc1+ 28. Nxc1 $11 {[%mdl 4096] Endgame KBB-KBN} Ke7 29. f4 b5 30. Bg2 Be6 31. Bc6 b4 32. Be4 g5 33. f5 Bf7 34. g4 Bc3 35. Nd3 (35. Kg2 $14) 35... Kd6 36. Kg2 a4 37. bxa4 Bxa2 38. a5 Bc4 39. Kf3 b3 40. Kxe3 b2 41. Nf2 Kc5 42. Nd3+ Kd6 43. Nf2 Ke5 {aiming for ...Bd4+.} 44. Nd3+ Kf6 45. Nc5 Ke5 {Hoping for ...Bd4+.} 46. Nd3+ Kd6 47. Nf2 Bxa5 {Threatens to win with ...Bb6+.} 48. Nd1 Bb6+ 49. Kd2 Bd4 50. e3 Be5 {White should prevent ...Ba2.} 51. Kc2 Be2 52. Nxb2 (52. Nf2 $1 $11) 52... Bxh2 $17 53. Nd3 (53. Bd3 $17 Bxg4 54. Nc4+ Kd5 55. Nb6+ Ke5 56. Nd7+ Kd6 57. Nf8) 53... Bxg4 $19 54. Nf2 Bh5 55. Bg2 Bg1 56. Ne4+ Ke5 57. Ng3 Bg4 58. Kd3 Bf2 59. f6 {Strongly threatening f7.} Be6 60. Ne4 Be1 61. Nc5 Bf7 ({Less strong is} 61... Kxf6 62. Nxe6 Kxe6 63. Ke4 $15) 62. Nd7+ Kd6 63. Bh3 h5 {White must now prevent ...g4.} 64. Bf5 Be8 65. e4 $2 (65. Kc4) 65... Bxd7 {Black is clearly winning.} 66. e5+ Kc7 67. e6 Bb5+ 68. Ke3 Bc3 {Accuracy: White = 66%, Black = 87%.} 0-1

[Event "21st Sants Open 2019"]
[Site "Cotxeres de Sants"]
[Date "2019.08.30"]
[Round "8.13"]
[White "Harika, Dronavalli"]
[Black "Lorenzo De La Riva, Lazaro"]
[Result "1/2-1/2"]
[WhiteElo "2495"]
[BlackElo "2373"]
[Annotator "ChessBase"]
[PlyCount "80"]
[EventDate "2019.08.22"]
[EventType "swiss"]
[EventCountry "ESP"]
[SourceTitle "playchess.com"]
[Source "ChessBase"]
[SourceQuality "1"]
[TimeControl "40/5400+30:1800+30"]

1. Nf3 {[%emt 0:02:38]} Nf6 {[%emt 0:00:00]} 2. c4 {[%emt 0:00:22]} g6 {[%emt 0:01:34]} 3. g3 {[%emt 0:00:27]} Bg7 {[%emt 0:00:26]} 4. Bg2 {[%emt 0:00:06]} O-O {[%emt 0:01:37]} 5. O-O {[%emt 0:00:18]} d6 {[%emt 0:02:13]} 6. Nc3 {[%emt 0:00:54]} e5 {[%emt 0:01:29]} 7. d4 {[%emt 0:05:02]} Nc6 {[%emt 0:02:16]} 8. dxe5 {[%emt 0:00:28]} dxe5 {[%emt 0:00:23]} 9. Bg5 {[%emt 0:00:11]} Be6 {[%emt 0:02:00]} 10. Qc1 {[%emt 0:00:21]} Qc8 {[%emt 0:09:21]} 11. Rd1 {[%emt 0:00:40]} Nd7 {[%emt 0:13:58]} 12. b3 {[%emt 0:12:40]} Re8 {[%emt 0:07:43]} 13. Bh6 {[%emt 0:01:06]} f6 {[%emt 0:02:15]} 14. Bxg7 {[%emt 0:02:16]} Kxg7 {[%emt 0:00:02]} 15. Qb2 {[%emt 0:01:54]} Nd8 {[%emt 0:07:49]} 16. Rd2 {[%emt 0:03:57]} Nf7 {[%emt 0:00:14]} 17. Rad1 {[%emt 0:03:07]} Nf8 {[%emt 0:03:08]} 18. Ne4 {[%emt 0:09:03]} Bf5 {[%emt 0:02:12]} 19. Ne1 {[%emt 0:07:17]} Bxe4 {[%emt 0:08:29]} 20. Bxe4 {[%emt 0:00:12]} c6 {[%emt 0:00:59]} 21. Bg2 {[%emt 0:04:19]} Qc7 {[%emt 0:02:16]} 22. b4 {[%emt 0:02:23]} Rad8 {[%emt 0:00:56]} 23. c5 {[%emt 0:02:16]} Rxd2 {[%emt 0:02:29]} 24. Rxd2 {[%emt 0:00:07]} Ne6 {[%emt 0:03:12]} 25. h4 {[%emt 0:03:07]} h5 {[%emt 0:06:15]} 26. Bh3 {[%emt 0:07:39]} f5 {[%emt 0:00:54]} 27. Nc2 {[%emt 0:02:26]} Rd8 {[%emt 0:11:45]} 28. Ne3 {[%emt 0:03:07]} Rd4 {[%emt 0:01:25]} 29. Rxd4 {[%emt 0:00:27]} Nxd4 {[%emt 0:03:46]} 30. Nc4 {[%emt 0:01:34]} Kh7 {[%emt 0:02:54]} 31. Bg2 {[%emt 0:01:37]} Qe7 {[%emt 0:00:48]} 32. e3 {[%emt 0:00:59]} Nb5 {[%emt 0:00:03]} 33. Qd2 {[%emt 0:05:10]} e4 {[%emt 0:00:37]} 34. Bf1 {[%emt 0:01:52]} Nc7 {[%emt 0:00:30]} 35. Be2 {[%emt 0:01:22]} Nd5 {[%emt 0:00:12]} 36. a3 {[%emt 0:00:17]} Qf6 {[%emt 0:00:32]} 37. Qd4 {[%emt 0:03:11]} Qxd4 {[%emt 0:00:20]} 38. exd4 {[%emt 0:00:02]} Kg7 {[%emt 0:00:27]} 39. Kf1 {[%emt 0:03:02]} Kh7 40. Kg1 Nc3 1/2-1/2

[Event "21st Sants Open 2019"]
[Site "Cotxeres de Sants"]
[Date "2019.08.30"]
[Round "8.14"]
[White "Munoz, Miguel"]
[Black "Sanchez, Sebastian Felipe"]
[Result "1/2-1/2"]
[WhiteElo "2514"]
[BlackElo "2405"]
[Annotator "ChessBase"]
[PlyCount "91"]
[EventDate "2019.08.22"]
[EventType "swiss"]
[EventCountry "ESP"]
[SourceTitle "playchess.com"]
[Source "ChessBase"]
[SourceQuality "1"]
[TimeControl "40/5400+30:1800+30"]

1. e4 {[%emt 0:12:22]} c6 {[%emt 0:00:00]} 2. Nc3 {[%emt 0:00:34]} d5 {[%emt 0:00:00]} 3. Nf3 {[%emt 0:00:07]} Bg4 {[%emt 0:00:00]} 4. Be2 {[%emt 0:00:08]} e6 {[%emt 0:00:02]} 5. O-O {[%emt 0:00:05]} Nf6 {[%emt 0:00:00]} 6. e5 {[%emt 0:00:15]} Nfd7 7. d4 Be7 {[%emt 0:00:20]} 8. Ne1 {[%emt 0:00:18]} Bxe2 {[%emt 0:00:04]} 9. Nxe2 {[%emt 0:00:08]} c5 {[%emt 0:00:04]} 10. c3 {[%emt 0:00:08]} Nc6 {[%emt 0:00:05]} 11. Nd3 {[%emt 0:00:45]} O-O {[%emt 0:02:49]} 12. Be3 {[%emt 0:00:51]} Rc8 {[%emt 0:18:18]} 13. Nef4 c4 14. Ne1 {[%emt 0:00:45]} b5 {[%emt 0:00:35]} 15. Qg4 {[%emt 0:00:32]} Kh8 {[%emt 0:00:18]} 16. Nf3 {[%emt 0:04:29]} b4 {[%emt 0:13:39]} 17. Rfc1 {[%emt 0:07:03]} Rb8 {[%emt 0:10:53]} 18. h4 {[%emt 0:06:49]} Rb6 19. g3 bxc3 {[%emt 0:15:07]} 20. bxc3 {[%emt 0:00:39]} Ba3 {[%emt 0:00:47]} 21. Rc2 {[%emt 0:00:41]} Ne7 {[%emt 0:00:42]} 22. Ng5 {[%emt 0:07:29]} Qe8 23. Bc1 {[%emt 0:05:16]} Bxc1 {[%emt 0:02:02]} 24. Raxc1 {[%emt 0:00:17]} h6 {[%emt 0:01:58]} 25. Nf3 {[%emt 0:17:50]} Ng6 26. Nh5 f5 {[%emt 0:04:38]} 27. exf6 {[%emt 0:00:36]} gxf6 {[%emt 0:00:05]} 28. Nf4 {[%emt 0:07:16]} Rg8 {[%emt 0:00:19]} 29. Nxg6+ {[%emt 0:01:10]} Rxg6 {[%emt 0:01:14]} 30. Qf4 {[%emt 0:00:05]} Qb8 31. Qxb8+ Rxb8 {[%emt 0:04:56]} 32. Re2 {[%emt 0:10:52]} Nf8 {[%emt 0:00:34]} 33. Ne1 Rg7 {[%emt 0:01:33]} 34. Ng2 {[%emt 0:00:48]} Rgb7 {[%emt 0:00:29]} 35. Nf4 {[%emt 0:00:10]} Rb1 {[%emt 0:00:07]} 36. Rxb1 {[%emt 0:00:07]} Rxb1+ {[%emt 0:00:09]} 37. Kg2 {[%emt 0:00:06]} Rb6 {[%emt 0:01:52]} 38. Kf3 Kg7 {[%emt 0:00:35]} 39. Kg4 {[%emt 0:01:28]} f5+ {[%emt 0:00:00]} 40. Kh5 Kh7 41. g4 {[%emt 0:18:16]} fxg4 {[%emt 0:05:12]} 42. Kxg4 {[%emt 0:00:05]} Kg7 43. Kh5 Kh7 {[%emt 0:03:08]} 44. Kg4 {[%emt 0:04:41]} Kg7 45. Kh5 {[%emt 0:18:30]} Kh7 {[%emt 0:00:18]} 46. Kg4 {[%emt 0:00:59]} 1/2-1/2

[Event "21st Sants Open 2019"]
[Site "Cotxeres de Sants"]
[Date "2019.08.30"]
[Round "8.15"]
[White "Romero Moreno, Felix"]
[Black "Garcia Ruiz, Adrian"]
[Result "1/2-1/2"]
[WhiteElo "1914"]
[BlackElo "1933"]
[Annotator "NA"]
[PlyCount "81"]
[EventDate "2019.08.22"]
[EventType "swiss"]
[EventCountry "ESP"]
[SourceTitle "playchess.com"]
[Source "ChessBase"]
[SourceQuality "1"]
[TimeControl "40/5400+30:1800+30"]

1. d4 Nf6 {[%emt 0:24:08]} 2. Nf3 {[%emt 0:00:29]} d5 {[%emt 0:00:03]} 3. c4 {[%emt 0:00:10]} e6 {[%emt 0:00:04]} 4. Nc3 {[%emt 0:01:14]} dxc4 5. e3 {[%emt 0:01:48]} a6 {[%emt 0:01:24]} 6. Bxc4 {[%emt 0:00:21]} b5 {[%emt 0:00:02]} 7. Bb3 {[%emt 0:00:54]} Bb7 {[%emt 0:00:11]} 8. O-O {[%emt 0:00:18]} c5 {[%emt 0:00:29]} 9. Qe2 {[%emt 0:06:36]} cxd4 {[%emt 0:00:28]} 10. exd4 {[%emt 0:00:53]} Be7 {[%emt 0:00:45]} 11. Rd1 {[%emt 0:00:22]} b4 {[%emt 0:01:44]} 12. Na4 {[%emt 0:03:58]} O-O {[%emt 0:01:07]} 13. Bg5 {[%emt 0:07:08]} Nbd7 {[%emt 0:00:23]} 14. Rac1 {[%emt 0:00:59]} Bd5 {[%emt 0:03:14]} 15. Ne5 {[%emt 0:05:55]} Bxb3 {[%emt 0:05:21]} 16. axb3 {[%emt 0:04:29]} Nb8 {[%emt 0:09:09]} 17. Nc5 {[%emt 0:13:55]} Nd5 18. Bxe7 {[%emt 0:05:42]} Qxe7 {[%emt 0:10:45]} 19. Ncd3 {[%emt 0:09:35]} Rd8 {[%emt 0:04:38]} 20. Rc5 {[%emt 0:02:38]} Qb7 {[%emt 0:02:37]} 21. Rdc1 {[%emt 0:03:25]} Nd7 {[%emt 0:03:19]} 22. Nxd7 {[%emt 0:06:46]} Qxd7 {[%emt 0:00:34]} 23. Ne5 {[%emt 0:01:24]} Qb7 {[%emt 0:02:06]} 24. Qf3 {[%emt 0:02:00]} f6 {[%emt 0:08:31]} 25. Nc6 {[%emt 0:01:47]} Rd7 {[%emt 0:02:46]} 26. Qe4 {[%emt 0:03:30]} Rd6 {[%emt 0:01:16]} 27. Na5 {[%emt 0:02:02]} Qf7 {[%emt 0:01:35]} 28. Rc8+ {[%emt 0:01:23]} Rd8 {[%emt 0:00:22]} 29. R8c6 {[%emt 0:01:11]} Re8 {[%emt 0:02:58]} 30. Nc4 {[%emt 0:02:02]} Qg6 {[%emt 0:02:15]} 31. Qxg6 {[%emt 0:01:42]} hxg6 {[%emt 0:00:01]} 32. Re1 {[%emt 0:02:28]} Rad8 {[%emt 0:05:42]} 33. Rcxe6 {[%emt 0:02:38]} Rxe6 {[%emt 0:00:12]} 34. Rxe6 {[%emt 0:00:01]} Nf4 {[%emt 0:00:02]} 35. Rxa6 {[%emt 0:03:10]} Rxd4 {[%emt 0:00:02]} 36. f3 {[%emt 0:01:54]} Rd3 {[%emt 0:01:39]} 37. Rd6 {[%emt 0:01:42]} Rxb3 {[%emt 0:00:25]} 38. Rd2 {[%emt 0:00:35]} Kf7 {[%emt 0:02:38]} 39. Kf1 {[%emt 0:00:28]} Ke6 {[%emt 0:00:39]} 40. Rd6+ {[%emt 0:00:00]} Ke7 {[%emt 0:00:00]} 41. Rd2 {[%emt 0:04:39]} 1/2-1/2

[Event "21st Sants Open 2019"]
[Site "Cotxeres de Sants"]
[Date "2019.08.30"]
[Round "8.16"]
[White "Bedoya Rosales, Luis"]
[Black "Planella Sanchez, Jordi"]
[Result "0-1"]
[WhiteElo "1899"]
[BlackElo "1919"]
[Annotator "NA"]
[PlyCount "106"]
[EventDate "2019.08.22"]
[EventType "swiss"]
[EventCountry "ESP"]
[SourceTitle "playchess.com"]
[Source "ChessBase"]
[SourceQuality "1"]
[TimeControl "40/5400+30:1800+30"]

1. e4 {[%emt 0:02:43]} c5 {[%emt 0:09:47]} 2. Nf3 {[%emt 0:01:50]} b6 {[%emt 0:00:09]} 3. d4 {[%emt 0:02:18]} cxd4 {[%emt 0:01:13]} 4. Nxd4 {[%emt 0:00:19]} Bb7 {[%emt 0:00:11]} 5. Nc3 {[%emt 0:00:11]} e6 {[%emt 0:00:25]} 6. Bd3 {[%emt 0:04:41]} a6 {[%emt 0:02:46]} 7. O-O {[%emt 0:02:32]} Qc7 {[%emt 0:02:57]} 8. Qe2 {[%emt 0:06:46]} d6 {[%emt 0:04:32]} 9. Be3 {[%emt 0:04:01]} Nf6 {[%emt 0:00:43]} 10. Rae1 {[%emt 0:12:47]} Nbd7 {[%emt 0:03:01]} 11. f4 {[%emt 0:03:40]} Nc5 {[%emt 0:07:36]} 12. Bf2 {[%emt 0:05:27]} Nxd3 {[%emt 0:03:22]} 13. cxd3 {[%emt 0:03:45]} Be7 {[%emt 0:04:17]} 14. Rc1 {[%emt 0:01:30]} Rc8 {[%emt 0:00:46]} 15. Be3 {[%emt 0:10:01]} Qd8 {[%emt 0:00:46]} 16. Rc2 {[%emt 0:00:16]} O-O {[%emt 0:13:04]} 17. Rfc1 Qd7 18. h3 {[%emt 0:21:00]} Rfd8 {[%emt 0:01:26]} 19. b3 {[%emt 0:11:05]} b5 {[%emt 0:00:10]} 20. b4 {[%emt 0:02:07]} e5 {[%emt 0:22:34]} 21. Nb3 {[%emt 0:00:43]} Re8 {[%emt 0:00:49]} 22. a3 {[%emt 0:01:10]} Bf8 {[%emt 0:00:49]} 23. Qd1 {[%emt 0:01:54]} g6 {[%emt 0:03:32]} 24. Na5 {[%emt 0:00:10]} Ba8 {[%emt 0:01:19]} 25. Ne2 {[%emt 0:00:46]} Nh5 {[%emt 0:01:09]} 26. Rxc8 Rxc8 {[%emt 0:00:06]} 27. Rxc8 {[%emt 0:00:29]} Qxc8 {[%emt 0:00:03]} 28. Qc1 {[%emt 0:00:34]} Qd7 {[%emt 0:01:10]} 29. g4 {[%emt 0:00:49]} exf4 {[%emt 0:01:15]} 30. Nxf4 {[%emt 0:00:21]} Nxf4 {[%emt 0:00:20]} 31. Bxf4 {[%emt 0:00:01]} Bg7 {[%emt 0:01:06]} 32. Kh2 {[%emt 0:00:48]} f5 {[%emt 0:01:46]} 33. gxf5 {[%emt 0:00:22]} gxf5 {[%emt 0:00:05]} 34. Qc2 {[%emt 0:00:36]} fxe4 {[%emt 0:02:29]} 35. dxe4 {[%emt 0:00:02]} Qe6 {[%emt 0:00:56]} 36. Qb3 {[%emt 0:01:45]} d5 {[%emt 0:01:58]} 37. exd5 {[%emt 0:00:27]} Bxd5 {[%emt 0:04:21]} 38. Qd3 {[%emt 0:00:04]} Qf7 {[%emt 0:01:26]} 39. Kg3 {[%emt 0:00:46]} Bf6 {[%emt 0:01:26]} 40. Kh2 {[%emt 0:00:00]} Qe6 {[%emt 0:00:00]} 41. Bg3 {[%emt 0:09:06]} Bc4 {[%emt 0:10:38]} 42. Qf3 {[%emt 0:11:13]} Bd5 {[%emt 0:02:07]} 43. Qd3 {[%emt 0:00:04]} Kg7 {[%emt 0:01:43]} 44. Bf4 {[%emt 0:06:30]} Qf7 {[%emt 0:03:21]} 45. Bg3 {[%emt 0:02:19]} Kg8 {[%emt 0:02:56]} 46. Qf5 {[%emt 0:01:58]} Be6 {[%emt 0:00:40]} 47. Qc5 {[%emt 0:03:02]} Qd7 {[%emt 0:01:24]} 48. Bd6 {[%emt 0:00:30]} Bxh3 {[%emt 0:01:00]} 49. Nc6 {[%emt 0:00:27]} Bf1 {[%emt 0:03:36]} 50. Qd5+ {[%emt 0:00:32]} Kh8 {[%emt 0:00:32]} 51. Ne5 {[%emt 0:00:31]} Qa7 {[%emt 0:04:14]} 52. Nf7+ {[%emt 0:00:29]} Kg7 {[%emt 0:00:29]} 53. Bc5 {[%emt 0:00:31]} Qxf7 {[%emt 0:00:26]} 0-1

[Event "21st Sants Open 2019"]
[Site "Cotxeres de Sants"]
[Date "2019.08.30"]
[Round "8.17"]
[White "Castellet Menchon, Cora"]
[Black "Carmona Huertas, Juan Antonio"]
[Result "0-1"]
[WhiteElo "1866"]
[BlackElo "1930"]
[Annotator "NA"]
[PlyCount "92"]
[EventDate "2019.08.22"]
[EventType "swiss"]
[EventCountry "ESP"]
[SourceTitle "playchess.com"]
[Source "ChessBase"]
[SourceQuality "1"]
[TimeControl "40/5400+30:1800+30"]

1. d4 {[%emt 0:07:25]} Nf6 {[%emt 0:00:00]} 2. c4 {[%emt 0:00:21]} g6 {[%emt 0:00:00]} 3. Nc3 {[%emt 0:00:05]} d5 {[%emt 0:00:00]} 4. cxd5 {[%emt 0:00:04]} Nxd5 {[%emt 0:00:00]} 5. e4 {[%emt 0:00:04]} Nxc3 {[%emt 0:00:00]} 6. bxc3 {[%emt 0:00:04]} Bg7 {[%emt 0:00:05]} 7. Be3 {[%emt 0:00:09]} c5 {[%emt 0:00:17]} 8. Qd2 {[%emt 0:00:46]} cxd4 {[%emt 0:01:34]} 9. cxd4 {[%emt 0:00:27]} O-O {[%emt 0:00:19]} 10. Rc1 {[%emt 0:05:08]} Nc6 {[%emt 0:24:30]} 11. d5 {[%emt 0:03:52]} Na5 {[%emt 0:00:12]} 12. Nf3 {[%emt 0:09:20]} b6 {[%emt 0:03:25]} 13. Be2 {[%emt 0:13:06]} f5 {[%emt 0:25:26]} 14. e5 {[%emt 0:15:51]} Bb7 {[%emt 0:00:05]} 15. Rd1 {[%emt 0:01:32]} Rc8 {[%emt 0:02:10]} 16. O-O {[%emt 0:10:37]} Qd7 {[%emt 0:01:39]} 17. e6 {[%emt 0:04:07]} Qa4 {[%emt 0:06:05]} 18. Bh6 {[%emt 0:12:55]} Rc2 {[%emt 0:15:03]} 19. Qg5 {[%emt 0:04:39]} Bf6 {[%emt 0:00:52]} 20. Qe3 {[%emt 0:04:27]} f4 {[%emt 0:10:31]} 21. Qd3 {[%emt 0:02:08]} Rd8 {[%emt 0:00:33]} 22. Ne1 {[%emt 0:01:09]} Rc3 {[%emt 0:02:09]} 23. Qd2 {[%emt 0:01:45]} Rxd5 {[%emt 0:01:53]} 24. Qxf4 {[%emt 0:00:23]} Qxf4 {[%emt 0:01:35]} 25. Bxf4 {[%emt 0:00:02]} Rxd1 {[%emt 0:00:14]} 26. Bxd1 {[%emt 0:00:01]} Ba6 {[%emt 0:00:25]} 27. Nf3 {[%emt 0:01:59]} Bxf1 {[%emt 0:00:06]} 28. Kxf1 {[%emt 0:00:03]} Rc6 {[%emt 0:01:51]} 29. Bd2 {[%emt 0:00:29]} Bc3 {[%emt 0:00:59]} 30. Bxc3 {[%emt 0:01:02]} Rxc3 {[%emt 0:00:01]} 31. a4 {[%emt 0:00:20]} Rc6 {[%emt 0:00:56]} 32. Ng5 {[%emt 0:00:02]} h6 {[%emt 0:00:27]} 33. Nf7 {[%emt 0:00:06]} Kg7 {[%emt 0:01:03]} 34. Bg4 {[%emt 0:01:21]} h5 {[%emt 0:00:34]} 35. Bh3 {[%emt 0:00:41]} Nb3 {[%emt 0:00:59]} 36. g3 {[%emt 0:00:23]} Nd4 {[%emt 0:00:29]} 37. Ng5 {[%emt 0:00:53]} a6 {[%emt 0:01:09]} 38. Ke1 {[%emt 0:00:39]} b5 {[%emt 0:00:30]} 39. axb5 {[%emt 0:00:11]} axb5 {[%emt 0:00:09]} 40. Bg2 {[%emt 0:00:00]} Rd6 {[%emt 0:00:00]} 41. Ne4 {[%emt 0:03:23]} Rxe6 {[%emt 0:01:38]} 42. Kd2 {[%emt 0:00:04]} Ra6 {[%emt 0:01:34]} 43. Kc3 {[%emt 0:00:50]} e5 {[%emt 0:01:48]} 44. f4 {[%emt 0:01:22]} Ra3+ {[%emt 0:02:59]} 45. Kb2 {[%emt 0:00:51]} Rb3+ {[%emt 0:01:14]} 46. Ka2 {[%emt 0:00:12]} Re3 {[%emt 0:00:09]} 0-1

[Event "21st Sants Open 2019"]
[Site "Cotxeres de Sants"]
[Date "2019.08.30"]
[Round "8.19"]
[White "Cabrera Marmol, Manuel"]
[Black "Paton Alvarez, Ivan"]
[Result "0-1"]
[WhiteElo "1537"]
[BlackElo "1544"]
[Annotator "NA"]
[PlyCount "84"]
[EventDate "2019.08.22"]
[EventType "swiss"]
[EventCountry "ESP"]
[SourceTitle "playchess.com"]
[Source "ChessBase"]
[SourceQuality "1"]
[TimeControl "40/5400+30:1800+30"]

1. e4 {[%emt 0:16:09]} c5 {[%emt 0:00:00]} 2. d4 {[%emt 0:00:11]} cxd4 {[%emt 0:00:00]} 3. c3 {[%emt 0:00:02]} dxc3 {[%emt 0:00:00]} 4. Nxc3 {[%emt 0:00:05]} Nc6 {[%emt 0:00:01]} 5. Nf3 {[%emt 0:00:06]} e6 {[%emt 0:00:09]} 6. Bc4 Be7 {[%emt 0:00:12]} 7. Qe2 {[%emt 0:04:36]} d6 {[%emt 0:01:30]} 8. O-O {[%emt 0:00:12]} Bd7 {[%emt 0:00:36]} 9. Rd1 {[%emt 0:00:23]} a6 {[%emt 0:00:20]} 10. Bf4 {[%emt 0:09:50]} e5 {[%emt 0:09:37]} 11. Be3 {[%emt 0:00:28]} Nf6 {[%emt 0:02:34]} 12. Nd5 {[%emt 0:08:40]} Nxd5 {[%emt 0:08:57]} 13. Bxd5 {[%emt 0:06:13]} O-O {[%emt 0:19:09]} 14. Rd2 {[%emt 0:06:01]} Qc7 {[%emt 0:07:58]} 15. h4 {[%emt 0:06:37]} Bg4 {[%emt 0:12:09]} 16. g3 {[%emt 0:06:09]} Rac8 {[%emt 0:16:18]} 17. Rc1 {[%emt 0:02:57]} Qb8 {[%emt 0:07:38]} 18. Rcd1 {[%emt 0:06:43]} Kh8 {[%emt 0:04:00]} 19. Kg2 {[%emt 0:00:02]} Nb4 {[%emt 0:00:46]} 20. Bb3 {[%emt 0:00:47]} f5 {[%emt 0:00:23]} 21. Bb6 {[%emt 0:09:55]} fxe4 {[%emt 0:01:12]} 22. Qxe4 {[%emt 0:04:51]} Bxf3+ {[%emt 0:00:19]} 23. Qxf3 {[%emt 0:00:03]} Rxf3 {[%emt 0:00:07]} 24. Kxf3 {[%emt 0:00:03]} Rf8+ {[%emt 0:00:32]} 25. Kg2 {[%emt 0:00:08]} Qc8 {[%emt 0:00:41]} 26. Be3 {[%emt 0:00:50]} Qf5 {[%emt 0:01:06]} 27. a3 {[%emt 0:00:56]} Qf3+ {[%emt 0:01:30]} 28. Kg1 {[%emt 0:00:13]} Nc6 {[%emt 0:00:41]} 29. Bd5 {[%emt 0:00:15]} Qg4 {[%emt 0:00:30]} 30. Kh2 {[%emt 0:01:19]} g5 {[%emt 0:01:17]} 31. hxg5 {[%emt 0:02:28]} Bxg5 {[%emt 0:00:27]} 32. Bxg5 {[%emt 0:00:38]} Qxg5 {[%emt 0:00:20]} 33. Kg2 {[%emt 0:01:38]} Qf6 {[%emt 0:03:54]} 34. Be4 {[%emt 0:00:25]} Nd4 {[%emt 0:01:15]} 35. Bxb7 {[%emt 0:01:37]} Qf5 {[%emt 0:00:48]} 36. f4 {[%emt 0:04:22]} Rg8 {[%emt 0:00:31]} 37. fxe5 {[%emt 0:01:00]} dxe5 {[%emt 0:00:23]} 38. Rf2 {[%emt 0:01:23]} Qg6 {[%emt 0:00:16]} 39. Kf1 {[%emt 0:00:35]} Qxg3 {[%emt 0:00:31]} 40. Rg2 {[%emt 0:00:00]} Rf8+ {[%emt 0:00:00]} 41. Kg1 {[%emt 0:01:50]} Ne2+ {[%emt 0:00:31]} 42. Kh1 {[%emt 0:00:54]} Qh3+ {[%emt 0:00:09]} 0-1

[Event "21st Sants Open 2019"]
[Site "Cotxeres de Sants"]
[Date "2019.08.30"]
[Round "8.20"]
[White "Abdelkader Garstka, Adam"]
[Black "Garcia Martinez, Hector"]
[Result "0-1"]
[WhiteElo "1628"]
[BlackElo "1547"]
[Annotator "NA"]
[PlyCount "118"]
[EventDate "2019.08.22"]
[EventType "swiss"]
[EventCountry "ESP"]
[SourceTitle "playchess.com"]
[Source "ChessBase"]
[SourceQuality "1"]
[TimeControl "40/5400+30:1800+30"]

1. e4 {[%emt 0:00:00]} c6 {[%emt 0:00:00]} 2. d4 {[%emt 0:00:00]} d5 {[%emt 0:00:00]} 3. exd5 {[%emt 0:00:00]} cxd5 {[%emt 0:00:23]} 4. c4 {[%emt 0:01:38]} dxc4 {[%emt 0:01:25]} 5. Bxc4 {[%emt 0:01:10]} Nf6 {[%emt 0:02:58]} 6. Nc3 {[%emt 0:07:08]} g6 {[%emt 0:03:06]} 7. Qb3 {[%emt 0:03:52]} e6 {[%emt 0:00:42]} 8. Nf3 {[%emt 0:03:25]} Bg7 {[%emt 0:00:09]} 9. O-O {[%emt 0:04:28]} O-O {[%emt 0:12:38]} 10. d5 {[%emt 0:01:29]} exd5 {[%emt 0:00:39]} 11. Nxd5 {[%emt 0:06:42]} Nc6 {[%emt 0:09:43]} 12. Bg5 {[%emt 0:15:59]} Na5 {[%emt 0:04:25]} 13. Qb5 {[%emt 0:09:28]} Nxc4 {[%emt 0:00:54]} 14. Bxf6 {[%emt 0:00:31]} Bxf6 {[%emt 0:04:31]} 15. Qxc4 {[%emt 0:00:50]} Bxb2 {[%emt 0:02:39]} 16. Rad1 {[%emt 0:01:10]} Be6 {[%emt 0:10:56]} 17. Qb5 Bxd5 18. Qxb2 {[%emt 0:04:46]} Qa5 {[%emt 0:00:34]} 19. Qe5 {[%emt 0:18:00]} Rad8 {[%emt 0:01:59]} 20. Rd3 {[%emt 0:02:39]} Rfe8 {[%emt 0:01:08]} 21. Qg5 {[%emt 0:02:39]} h6 {[%emt 0:02:56]} 22. Qxh6 {[%emt 0:01:35]} Bxf3 {[%emt 0:00:29]} 23. Rxf3 {[%emt 0:02:27]} Qxa2 {[%emt 0:03:17]} 24. h4 {[%emt 0:02:34]} Re5 {[%emt 0:05:50]} 25. Rf6 {[%emt 0:03:56]} Qd5 {[%emt 0:06:07]} 26. g4 {[%emt 0:02:34]} Qe4 {[%emt 0:06:47]} 27. Rf4 {[%emt 0:03:20]} Qe2 {[%emt 0:01:03]} 28. h5 {[%emt 0:00:17]} gxh5 {[%emt 0:00:00]} 29. gxh5 Qxh5 30. Qxh5 {[%emt 0:01:27]} Rxh5 {[%emt 0:03:46]} 31. Rb1 {[%emt 0:00:37]} Rd7 32. Rfb4 {[%emt 0:00:05]} b6 {[%emt 0:00:37]} 33. Ra4 {[%emt 0:00:40]} f6 {[%emt 0:02:03]} 34. Kg2 Rg7+ {[%emt 0:00:04]} 35. Kf3 {[%emt 0:00:40]} Rh3+ {[%emt 0:00:07]} 36. Ke2 {[%emt 0:00:14]} Re7+ {[%emt 0:00:21]} 37. Kd2 {[%emt 0:01:03]} Rf3 {[%emt 0:00:14]} 38. Rf1 {[%emt 0:00:39]} Kf7 {[%emt 0:03:23]} 39. Kd1 {[%emt 0:00:00]} Rc7 {[%emt 0:00:00]} 40. Ke2 {[%emt 0:00:00]} Rfc3 {[%emt 0:00:00]} 41. Ra6 {[%emt 0:09:03]} b5 {[%emt 0:06:10]} 42. Rfa1 Re7+ {[%emt 0:00:07]} 43. Kf1 {[%emt 0:01:35]} Rcc7 {[%emt 0:00:04]} 44. Rb1 {[%emt 0:00:48]} Rb7 {[%emt 0:00:43]} 45. Rb4 {[%emt 0:00:27]} Re6 {[%emt 0:00:06]} 46. Ra5 {[%emt 0:03:14]} a6 {[%emt 0:00:12]} 47. f4 {[%emt 0:00:36]} f5 {[%emt 0:00:38]} 48. Kf2 {[%emt 0:01:15]} Rbb6 {[%emt 0:00:45]} 49. Kf3 {[%emt 0:01:43]} Kf6 {[%emt 0:00:26]} 50. Ra1 {[%emt 0:01:08]} Rbc6 {[%emt 0:00:28]} 51. Rab1 {[%emt 0:00:49]} Rc3+ {[%emt 0:00:04]} 52. Kf2 Rc4 {[%emt 0:00:03]} 53. Rxc4 {[%emt 0:00:52]} bxc4 54. Rc1 {[%emt 0:00:00]} Rc6 {[%emt 0:00:37]} 55. Rc3 {[%emt 0:00:57]} Ke6 {[%emt 0:00:00]} 56. Ke3 {[%emt 0:00:19]} Kd5 {[%emt 0:00:16]} 57. Rc2 {[%emt 0:01:13]} Re6+ {[%emt 0:00:07]} 58. Kf3 {[%emt 0:01:30]} Kc5 {[%emt 0:01:38]} 59. Rb2 Kd4 0-1